It looks like you're offline.
Open Library logo
additional options menu

MARC record from Internet Archive

LEADER: 00884cam 22002653a 4500
001 2001554380
003 DLC
005 20030306075755.0
008 000323s2000 nyub 000 1 eng d
010 $a 2001554380
020 $a0886778778 (pbk.) :$c$7.99
035 $a(OCoLC)ocm43695661
040 $aISO$cISO$dIHI$dDLC
042 $alccopycat
050 00 $aCPB Box no. 1807 vol. 11
100 1 $aCherryh, C. J.
245 14 $aThe Morgaine saga /$cC.J. Cherryh.
246 3 $aMorgaine saga omnibus
260 $aNew York :$bDAW Books,$cc2000.
300 $a707 p. :$bmap ;$c18 cm.
505 00 $gBook 1.$tGate of Ivrel --$gBook 2.$tWell of Shiuan --$gBook 3.$tFires of Azeroth.
650 0 $aTime travel$vFiction.
650 0 $aFrosthair, Morgaine (Fictitious character)$vFiction.
655 7 $aFantasy fiction.$2gsafd
710 2 $aCopyright Paperback Collection (Library of Congress)$5DLC